Factores de riesgo predisponentes a conductas suicidas en estudiantes de Enfermera y Medicina de una universidad en Cartagena, Colombia / (Registro nro. 4076)

Detalles MARC
000 -LEADER
fixed length control field 01782nam a2200313 i 4500
005 - DATE AND TIME OF LATEST TRANSACTION
control field 20250329165435.0
007 - PHYSICAL DESCRIPTION FIXED FIELD--GENERAL INFORMATION
fixed length control field ta
008 - FIXED-LENGTH DATA ELEMENTS--GENERAL INFORMATION
fixed length control field 190415s2021 000 0 eng d
040 ## - CATALOGING SOURCE
Original cataloging agency CO-CtgCURN
Language of cataloging spa
Transcribing agency coctgcurn
Description conventions rda
082 0# - DEWEY DECIMAL CLASSIFICATION NUMBER
Classification number ENF 2021
Item number P438
100 1# - MAIN ENTRY--PERSONAL NAME
Personal name Pérez Altamar, Jireh,
Relator term author.
Relationship aut
245 10 - TITLE STATEMENT
Title Factores de riesgo predisponentes a conductas suicidas en estudiantes de Enfermera y Medicina de una universidad en Cartagena, Colombia /
Statement of responsibility, etc. Jireh Pérez Altamar; Sofía Caicedo Arboleda; Rosa Andrea Baena Ríos; María Camila Bolaño Pearson; directora Zorayda Barrios Puerta.
260 ## - PUBLICATION, DISTRIBUTION, ETC.
Place of publication, distribution, etc. Cartagena de Indias :
Name of publisher, distributor, etc. Corporación Universitaria Rafael Núñez,
Date of publication, distribution, etc. 2021.
300 ## - PHYSICAL DESCRIPTION
Extent 104 hojas.
336 ## - CONTENT TYPE
Content type term text
Content type code txt
Source rdacontent
337 ## - MEDIA TYPE
Media type term unmediated
Media type code n
Source rdamedia
338 ## - CARRIER TYPE
Carrier type term volume
Carrier type code nc
Source rdacarrier
504 ## - BIBLIOGRAPHY, ETC. NOTE
Bibliography, etc. note Trabajo de grado (Enfermera). Corporación Universitaria Rafael Nuñez. Facultad de Ciencias de la Salud. Programa de Enfermería, 2021.
520 ## - SUMMARY, ETC.
Summary, etc. "El suicidio en la representa una problemtica prioritaria en salud pblica, sobre todo en poblacin universitaria, entre quienes el riesgo de ideacin y conductas suicidas tiende a ser ms recurrentes"
650 #0 - SUBJECT ADDED ENTRY--TOPICAL TERM
Topical term or geographic name entry element Enfermería
Form subdivision Tesis y disertaciones academicas.
700 1# - ADDED ENTRY--PERSONAL NAME
Personal name Caicedo Arboleda, Sofía.
700 1# - ADDED ENTRY--PERSONAL NAME
Personal name Baena Ríos, Rosa Andrea.
700 1# - ADDED ENTRY--PERSONAL NAME
Personal name Bolaño Pearson, María Camila.
700 1# - ADDED ENTRY--PERSONAL NAME
Personal name Zorayda Barrios Puerta,
Relator term directora.
856 ## - ELECTRONIC LOCATION AND ACCESS
Uniform Resource Identifier <a href="https://unicurn.sharepoint.com/:b:/s/biblioteca/EX90hwTEIANFoDGPozDtxnYB3MhWGqUg6DHI3Xk_1nOg4Q?e=HTWcwf">https://unicurn.sharepoint.com/:b:/s/biblioteca/EX90hwTEIANFoDGPozDtxnYB3MhWGqUg6DHI3Xk_1nOg4Q?e=HTWcwf</a>
Public note Click aqui para ver el recurso en texto completo
856 7# - ELECTRONIC LOCATION AND ACCESS
Public note Click aqui para ver el recurso en texto completo
942 ## - ADDED ENTRY ELEMENTS (KOHA)
Source of classification or shelving scheme Dewey Decimal Classification
Koha item type Trabajos de grado
Classification part ENF 2021
Item part P438
Existencias
Withdrawn status Lost status Source of classification or shelving scheme Damaged status Not for loan Collection Home library Current library Shelving location Date acquired Source of acquisition Cost, normal purchase price Total checkouts Full call number Barcode Date last seen Price effective from Koha item type
    Dewey Decimal Classification     Trabajos de grado Miguel Henríquez Emiliani Miguel Henríquez Emiliani Trabajo de grado 06/01/2019 El autor 350000.00   ENF 2021 P438 023649 06/20/2019 06/20/2019 Trabajos de grado